សិក្សាអំពីការអនុវត្តផែនការប្រើប្រាស់ដីនៅ ឃុំតាំងស្យា ស្រុកភ្នំស្រួច ខេត្តកំពង់ស្ពឺ STUDY ON THE IMPLEMENTATION OF LAND USE PLAN IN TAING SYA COMMUNE, PHNOM SROUCH DISTRICT, KAMPONG SPEU PROVINCE (Record no. 24908)

000 -LEADER
fixed length control field 00573nam a22001097a 4500
040 ## - CATALOGING SOURCE
Transcribing agency RUA
082 ## - DEWEY DECIMAL CLASSIFICATION NUMBER
Classification number LMA DOR 2024 B1-398 Or.1
245 ## - TITLE STATEMENT
Title សិក្សាអំពីការអនុវត្តផែនការប្រើប្រាស់ដីនៅ ឃុំតាំងស្យា ស្រុកភ្នំស្រួច ខេត្តកំពង់ស្ពឺ STUDY ON THE IMPLEMENTATION OF LAND USE PLAN IN TAING SYA COMMUNE, PHNOM SROUCH DISTRICT, KAMPONG SPEU PROVINCE
260 ## - PUBLICATION, DISTRIBUTION, ETC. (IMPRINT)
Place of publication RUA
Name of publisher PHNOM PENH
Year of publication 2024
300 ## - PHYSICAL DESCRIPTION
Number of Pages ix
Other physical details ill
Dimensions 29cm
942 ## - ADDED ENTRY ELEMENTS (KOHA)
Koha item type LMA

No items available.

មជ្ឈមណ្ឌលឯការនៃសាកលវិទ្យាល័យភូមិន្ទកសិកម្មចំការដូង

Powered by Koha